| 000 | 01959nam a2200133Ia 4500 | ||
|---|---|---|---|
| 008 | 220615s9999||||xx |||||||||||||| ||und|| | ||
| 020 | _a9783040000000 | ||
| 245 | 0 | _aHistorical Wood: Structure, Properties and Conservation | |
| 546 | _aEnglish[eng] | ||
| 650 | _aX-ray photoelectron spectroscopy (XPS)||X-ray diffraction (XRD)||dynamic vapor sorption (DVS)||archaeological wood||wood conservation and preservation||piles||waterlogged wood||soft rot||decay||microscopy||degraded wood||silane||FT-IR||alkoxysilanes||wood-silane interactions||wood stabilisation||wood conservation||silane treatment||reliquary||electron microscopy||wood||restoration||halloysite nanotubes||Nanhai No. 1 shipwreck||waterlogged archaeological wood (WAW)||wood properties||microbial composition||gap-fillers||gap-filling materials||wooden artefacts||wood exposed outdoors||microballoons||resins||glass beads||cellulose powder||binders||hygrothermal performance||timber buildings||cultural heritage||numerical simulations||monitoring and sensors||climate models||fungi identification||mold growth modelling||soda lignin||penetration||infrared spectroscopy (ATR-FTIR)||pyrolysis gas chromatography mass spectrometry (Py-GC/MS)||scanning electron microscopy (SEM)||historical wood||wood degradation||artefact||heritage||conservation||cultural conservator||consolidation||sorption||degradation||drying||PEG||alum||reburial||in situ preservation||medieval shipwreck||charred wood||chemical analysis||EDS||FTIR||XRD||proximate analysis||PEG treatment||acetic acid||volatile emissions||GC–MS||marine archaeological wood||moisture content||polyethylene glycol||computational modelling||Mary Rose||predictive model||archaeological wooden structures||structural analysis||geodetic systems||drying process||heritage wood||sustainability||bio-based polymers||consolidants | ||
| 700 | _aBroda, Magdalena||Hill, Callum | ||
| 856 | _uhttps://mdpi.com/books/pdfview/book/4958 | ||
| 942 | _cEB | ||
| 999 |
_c12846 _d12846 |
||